LEADER 01538nam a2200301 a 4500 001 000000141281 003 CaOOAMICUS 005 20150120111441.0 008 150120s2014 sp m u000 u spa r 040 $aPUL$bita 100 1 $aCervantes Blengio, Carlos Alfredo.$0(OLS)http://pul/name/90952 245 10$aAdán, tipo de Cristo en la exégesis de San Ambrosio /$cCarlos Alfredo Cervantes Blengio. 260 $aPamplona :$bUniversidad de Navarra,$c©2014. 300 $ap. [5]-59$c24 cm 490 1 $aCuadernos doctorales de la facultad de Teologia. v.62 n.1. 500 $aAbstract in inglese e spagnolo aggiunti. 502 $aEstratto da tesi -- Universidad de Navarra-- Facultad de Teologia, 2014. 504 $aBibliografia : p.47-57. 600 04$aAmbrosius,$cs., vesc. di Milano,$dc. 340-397$xCritica e interpretazione.$0(OLS)http://pul/subject/2050 630 04$aBiblia.$pN.T.$pLucas$xCommenti.$0(OLS)http://pul/subject/37891 710 2 $aUniversidad de Navarra.$bFacultad de teología.$kTesi.$0(OLS)http://pul/name/82388 830 0$aCuadernos doctorales de la Facultad deTeologia.$pExcepta e dissertationibus in Sacra Theologia ;$v62, n.1.$0(OLS)http://pul/title/178777 850 $aPUL 852 $aPUL$W1$xDP1 Tesi Varie$y51$m2014 B 11 int.1$j163131$qTesi$B162955$CPULBib$Z2$F162955 $82 941 1 $a16 996 $6245$aAdán, tipo de Cristo en la exégesis de San Ambrosio$9(OLS)http://pul/title/178775 996 $6260$aPamplona :$bUniversidad de Navarra$9(OLS)http://pul/publisher/48739 LEADER 01324nam a2200301 a 4500 001 000000159272 003 CaOOAMICUS 005 20170307092011.0 008 170307s2004 it u000 u ita r 032 $aLibriCat 040 $aPUL$bita 082 04$a940.01 100 1 $aRomano, Sergio,$d1929-$0(OLS)http://pul/name/35424 245 10$aEuropa storia di un'idea :$bdall'impero all'unione /$cSergio Romano. 260 $aMilano :$bFondazione Achille e Giulia Boroli ;$aMilano :$bLonganesi & c.,$c©2004. 300 $a192 p. ;$c20 cm. 490 1 $aHomo sapiens 504 $aBibliografia in nota. 651 4$aEuropa$xConcetto$xStoria.$0(OLS)http://pul/subject/39216 830 0$aHomo sapiens (Fondazione Achille e Giulia Boroli).$0(OLS)http://pul/title/198889 850 $aPUL 852 $aPUL$W1$xSL Cons. Gen., Altre Classi 3$y75$m940. 01 ROMSE 1$j182578$qDDC 21$B185785$CPULBib$Z2$F185785 $H129026 $81 941 1 $a9 996 $6082$a940.01$9(OLS)http://pul/classification/2516 996 $6245$aEuropa storia di un'idea :$bdall'impero all'unione$9(OLS)http://pul/title/198888 996 $6260$aMilano :$bFondazione Achille e Giulia Boroli$9(OLS)http://pul/publisher/86125 996 $6260$aMilano :$bLonganesi & c.$9(OLS)http://pul/publisher/76770